Riconosci la Squadra di calcio - Quiz n°250 - Statistics

Statistiche generali
  • Questo quiz è stato fatto 9 volte
  • Il punteggio medio è 6 su 10
Statistiche sulle risposte
Indizio Risposta % Corretto
Colori sociali Bianco, nero
100%
Simboli Statua di Alfonso I
100%
Titoli nazionali 0
75%
Confederazione UEFA
75%
Trofei nazionali 1 Coppe di Portogallo 1 Supercoppe di Portogallo
63%
Divisione nazionale 2023-2024 Prima
50%
Trofei internazionali 0
38%
Fondazione 1922
38%
Capienza Stadio 30 146 posti
38%
Squadra Vitória Guimarães
25%
Nessun quiz corrispondente trovato
Distribuzione punteggi
Percentuale di utenti per punteggio
Percentile per numero di risposta
I tuoi punteggi nel tempo
Non hai fatto questo quiz